00270nam a2200097Ia 4500008004100000040002900041050002200070100002300092245003300115260002400148221021s9999||||xx |||||||||||||| ||und|| cChuka University Library aHC 865b.E26 1992 aW.R. Ochieng (Ed.) 3aAn economic history of Kenya aNairobibEAEPc1992